| 000 | 00903nam a2200205Ia 4500 | ||
|---|---|---|---|
| 999 |
_c36447 _d36447 |
||
| 001 | 2362 | ||
| 003 | GE_BSU | ||
| 005 | 20221027105613.0 | ||
| 008 | 181216s2010tu xx |||||||||||||| ||tur|| | ||
| 020 | _a9780757307709 | ||
| 040 | _cGE_BSU | ||
| 041 | _atur | ||
| 080 | _a327(560) T-95 | ||
| 245 | _aTURKİYE CUMHURİYETİ DİŞİŞLERİ BAKANLİĞ RESİM KOLEKSİYONU PAİNTİNC COLLECTİON OF THE MİNİSTRY OF FOREİGH AFFAİRS OF THE REPUBLİC OF TURKEY | ||
| 260 | _c2010 | ||
| 300 | _a418 c.: | ||
| 653 | _aTURKİYE CUMHURİYETİ DİŞİŞLERİ BAKANLİĞ RESİM KOLEKSİYONU PAİNTİNC COLLECTİON OF THE MİNİSTRY OF FOREİGH AFFAİRS OF THE REPUBLİC OF TURKEY | ||
| 653 | _aთურქეთის რესპუბლიკის საგარეო საქმეთა სამინისტროს ნახატების კოლექცია | ||
| 942 |
_cBK _2udc |
||